000 00501cam a2200193ua 4500
001 3004
008 110921n ii |||gr||||Z||||||eng
020 _a81-237-4106-5
040 _cMAIN
082 _a920
100 1 _aDeshmukh, Chintamani,
_eAuthor.
245 1 1 _aHomi Jehangir Bhabha
_cby Chintamani Deshmukh
250 _a1st.
260 _aNew Delhi:
_bNational book trust,
_c2005.
300 _a135p:
_c23cm.
653 _aBiography
653 _aBiography of Homi Jehangir Bhabha
942 _cBK
999 _c2852
_d2852